Head of Government Titles - Statistics

General Stats
  • This quiz has been taken 136 times
    133 since last reset
  • The average score is 181 of 197
Answer Stats
Hint Answer % Correct
Algeria | Angola | Argentina | +86 others President
100%
Albania | Andorra | Antigua & Barbuda | +78 others Prime Minister
97%
Bahrain | Jordan | Morocco | Saudi Arabia King
94%
Austria | Germany Chancellor
87%
Brunei | Oman Sultan
78%
Kuwait | Qatar Emir
71%
Liechtenstein Prince
71%
Monaco Sovereign Prince
71%
Afghanistan | Iran Supreme Leader
58%
Ireland Taoiseach
39%
Yemen Chairman of the Presidential Leadership Council
38%
China | Vietnam General Secretary of the Communist Party
25%
Laos General Secretary of the People's Revolutionary Party
25%
North Korea General Secretary of the Workers' Party
25%
San Marino Captain Regent
17%
Cuba First Secretary of the Communist Party
12%
Vatican City Sovereign
10%
Switzerland Federal Council
8%
Bosnia and Herzegovina the Presidency
7%
Eswatini Ngwenyama
6%
Sudan Transitional Sovereignty Council
5%
No matching quizzes found
Score Distribution
Percent of People with Each Score
Percentile by Number Answered
Your Score History
You have not taken this quiz since the last reset